00953cam a22002531 4500001001300000003000400013005001700017008004100034010001700075035001800092040008200110042001200192050001600204086001900220100003300239245003200272260016200304300002200466410011700488500001600605504002900621650002600650650002300676hew63000111 DLC20260227111512.0720106s1963 dcu b f000 0 eng c ahew63000111  a(OCoLC)191655 aU.S. Dept. of Health, Education, and Welfare. LibrarycODaWUdOCoLCdISSdDLC apremarc00aLB2349b.H30 aFS 5.250:530191 aHatch, Winslow Roper,d1908-10aWhat standards do we raise? a[Washington]bU.S. Dept. of Health, Education, and Welfare, Office of Educaion;b[for sale by the Superintendent of Documents, U.S. Govt. Print. Off.,c1963] aiv, 28 p.c24 cm.10aUnited States.bOffice of Education.bDivision of Higher Education.tNew dimensions in higher education,vno. 12 a"OE-53019." aIncludes bibliographies. 0aEducationxStandards. 0aEducation, Higher.